Top 5 Premier League Players in Each Position 25/26 - Statistics

General Stats
  • This quiz has been taken 147 times
  • The average score is 25 of 50
Answer Stats
Rank Rank Answer % Correct
ST 1 Erling Haaland
99%
CM 1 Declan Rice
79%
CAM 1 Bruno Fernandes
77%
GK 4 David Raya
76%
ST 3 Hugo Ekitike
75%
RW 4 Bukayo Saka
74%
CB 4 Virgil Van Dijk
69%
CB 3 William Saliba
68%
CB 1 Gabriel Magalhaes
67%
RW 2 Bryan Mbeumo
65%
CDM 1 Moises Caicedo
65%
CB 2 Ruben Dias
64%
ST 2 Igor Thiago
63%
RB 1 Jurrien Timber
63%
CAM 2 Phil Foden
61%
CAM 3 Cole Palmer
58%
CDM 3 Rodri
58%
RW 1 Antoine Semenyo
57%
LW 1 Jeremy Doku
57%
LW 3 Cody Gakpo
53%
LB 1 Riccardo Calafiori
53%
LB 2 Marc Cucurella
52%
CDM 2 Martin Zubimendi
52%
CDM 4 Ryan Gravenberch
51%
ST 5 Nick Woltemade
49%
RB 3 Reece James
49%
CM 3 Enzo Fernandez
48%
GK 2 Nick Pope
47%
CM 4 Martin Odegaard
46%
LW 4 Gabriel Martinelli
45%
LB 4 Nico O'Reilly
45%
CM 2 Alexis Mac Allister
44%
CM 5 Bruno Guimaraes
44%
LW 2 Jack Grealish
44%
CAM 4 Eberechi Eze
41%
GK 1 Robin Roefs
39%
ST 4 Jean-Phillipe Mateta
38%
CB 5 Micky van de Ven
38%
RB 4 Matty Cash
34%
CAM 5 Kiernan Dewsbury-Hall
33%
GK 3 Caoimhin Kelleher
31%
LW 5 Iliman Ndiaye
27%
LB 3 Patrick Dorgu
26%
RB 2 Pedro Porro
26%
RW 3 Mohammed Kudus
22%
GK 5 Martin Dubravka
21%
CDM 5 Nico Gonzalez
21%
RB 5 Daniel Munoz
20%
RW 5 Yankuba Minteh
15%
LB 5 Neco Williams
7%
No matching quizzes found
Score Distribution
Percent of People with Each Score
Percentile by Number Answered
Your Score History
You have not taken this quiz